| 000 | 00809nam a22002415a 4500 | ||
|---|---|---|---|
| 005 | 20171016120422.0 | ||
| 008 | 170105t2015 maua frb 001 0 eng d | ||
| 020 | _a9781284048346 | ||
| 040 |
_aEG-ScBUE _beng _cEG-ScBUE _dEG-ScBUE |
||
| 082 | 0 | 4 |
_222 _a610.730727 _bHEA |
| 100 | 1 | _aHeavey, Elizabeth. | |
| 245 | 1 | 0 |
_aStatistics for nursing : _ba practical approach / _cElizabeth Heavey. |
| 250 | _a2nd ed. | ||
| 260 |
_aBurlington : _bJones & Bartlett Learning, _cc.2015. |
||
| 300 |
_axii, 255 p. : _bill. ; _c24 cm. |
||
| 500 | _aIncludes online access code. | ||
| 504 | _aIncludes bibliographical references and index. | ||
| 650 | 7 |
_2BUEsh _936302 _aNursing _xResearch _xStatistical methods. |
|
| 651 | _2BUEsh | ||
| 653 |
_bNNUR _cJanuary2017 _cOctober2017 |
||
| 655 |
_vText book _933728 |
||
| 942 | _2ddc | ||
| 999 |
_c23849 _d23821 |
||